000 00336 a2200133 4500
000 nam a22 7a 4500
100 _a Dylan Quirt
110 _a Dylan Quirt
245 _aPlant Imaging: Methods and Analysis
250 _alatest
260 _bStates Academic Press
_c2026
264 _bStates Academic Press
_c2026
942 _cBK
999 _c395015
_d395015